000 00837nam a22002177a 4500
999 _c6050
_d6050
003 AR-CdUCM
008 190313b ||||| |||| 00| 0 spa d
040 _aMUNICIPALIDAD PROVINCIAL DEL CUSCO
_cBIBLIOTECA MUNICIPAL DEL CUSCO
082 _a869.62 /
_bS55
100 _aSilva, Medardo Angel
_917646
245 _aMaria Jesus (novela) :
_bY al pasar (crónica) /
260 _aGuayaquil :
_bEditorial casa de la cultura ecuatoriana,
_c1965.
300 _a135 paginas ;
_c17 cm.
500 _aDonación familia Nieto.
505 _aContenido :La danza de las horas -- La ciudad nocturna -- La burguesa seriedad -- Un viaje a vinces -- Campaña antituberculosis ...
650 _aLiteratura contemporánea
_9759
650 _aNovela ecuatoriana
_916508
650 _aLiteratura ecuatoriana
_911889
942 _2ddc
_cLIBROS
945 _arum